Govt. of
Madhya Pradesh

Normal view MARC view

Entry Personal Name

Number of records used in: 1

001 - CONTROL NUMBER

  • control field: 50033

003 - CONTROL NUMBER IDENTIFIER

  • control field: OSt

005 - DATE AND TIME OF LATEST TRANSACTION

  • control field: 20160402132253.0

008 - FIXED-LENGTH DATA ELEMENTS

  • fixed length control field: 160402|| aca||aabn | a|a d

040 ## - CATALOGING SOURCE

  • Original cataloging agency: OSt
  • Transcribing agency: OSt

100 ## - HEADING--PERSONAL NAME

  • Personal name: श्रीमती मालती इनामदार

670 ## - SOURCE DATA FOUND

  • Source citation: Work cat.: (OSt)12069: श्रीमती मालती इनामदार , जीवसृष्टि शब्‍दकोश , 2000